| 000 | 00509nam a22001457a 4500 | ||
|---|---|---|---|
| 008 | 220607b |||||||| |||| 00| 0 eng d | ||
| 020 | _a9780349003634 | ||
| 082 | _aFIC 813.6 MEY 2020 | ||
| 100 | _aMeyer, Stephenie | ||
| 245 | _aMidnight sun | ||
| 260 |
_aLondon : _bAtom, _c2020. |
||
| 300 |
_a756 p. _c22 cm. |
||
| 650 | _a Swan, Bella (Fictitious character) -- Fiction; Cullen, Edward (Fictitious character) -- Fiction; Vampires -- Fiction; Paranormal romance stories; Young adult fiction | ||
| 942 | _2ddc | ||
| 999 |
_c9007 _d9008 |
||